ბათუმის შოთა რუსთაველის სახელმწიფო უნივერსიტეტის ბიბლიოთეკა

პრაქტიკული ფონეტიკის სალექციო კურსი ფრანგულ ენაში=Cours pratique de la phonetique francaise (ბიბ.ჩანაწერი № 51125)

000 -LEADER
fixed length control field 01198nam a2200277Ia 4500
001 - CONTROL NUMBER
control field 18082
003 - CONTROL NUMBER IDENTIFIER
control field GE_BSU
008 - FIXED-LENGTH DATA ELEMENTS--GENERAL INFORMATION
fixed length control field 181216s||||||||xx |||||||||||||| ||und||
020 ## - INTERNATIONAL STANDARD BOOK NUMBER
International Standard Book Number 9994025988
040 ## - CATALOGING SOURCE
Transcribing agency GE_BSU
080 ## - UNIVERSAL DECIMAL CLASSIFICATION NUMBER
Universal Decimal Classification number 811.133.1'373
100 ## - MAIN ENTRY--PERSONAL NAME
Personal name აბაშიძე,ნათია. Abashidze, Natia
245 ## - TITLE STATEMENT
Title პრაქტიკული ფონეტიკის სალექციო კურსი ფრანგულ ენაში=Cours pratique de la phonetique francaise
245 ## - TITLE STATEMENT
Statement of responsibility, etc. რედ. ნ. სურგულაძე. შემდგ. ნ. აბაშიძე
260 ## - PUBLICATION, DISTRIBUTION, ETC.
Place of publication, distribution, etc. ბათუმი
260 ## - PUBLICATION, DISTRIBUTION, ETC.
Name of publisher, distributor, etc. ბათუმის უნივერსიტეტი
260 ## - PUBLICATION, DISTRIBUTION, ETC.
Date of publication, distribution, etc. 2006
300 ## - PHYSICAL DESCRIPTION
Extent 125გვ.21სმ.
300 ## - PHYSICAL DESCRIPTION
Accompanying material ცხრ.115-123. ბიბლ.გვ.124
653 ## - INDEX TERM--UNCONTROLLED
Uncontrolled term Cours pratique de la phonetique francaise
653 ## - INDEX TERM--UNCONTROLLED
Uncontrolled term პრაქტიკული ფონეტიკის სალექციო კურსი ფრანგულ ენაში
653 ## - INDEX TERM--UNCONTROLLED
Uncontrolled term ფონეტიკა, ფონოლოგია
653 ## - INDEX TERM--UNCONTROLLED
Uncontrolled term ფრანგული ენა
942 ## - ADDED ENTRY ELEMENTS (KOHA)
Koha item type წიგნი
ეგზემპლარები
Withdrawn status Lost status Damaged status Not for loan Date acquired Barcode Date last seen Price effective from Koha item type
        2018-12-17 46149 2018-12-17 2018-12-17 წიგნი
        2018-12-17 46148 2018-12-17 2018-12-17 წიგნი